| 000 | 00622nam a22002297a 4500 | ||
|---|---|---|---|
| 005 | 20220629144555.0 | ||
| 008 | 220629b ||||| |||| 00| 0 eng d | ||
| 040 | _cAloy | ||
| 041 | _aeng | ||
| 082 |
_223 _a320 _bLOKJ |
||
| 100 |
_aLok Sabha _946027 |
||
| 100 | _946008 | ||
| 245 | _aJournal of parliamentary information Vol XLIX | ||
| 260 |
_aNew Delhi: _bCBS Publishers & Distributors, _c2003 |
||
| 300 |
_avi,,188p. _bPB _c24x16cm. |
||
| 365 | _2Political Science | ||
| 440 | _vVol.XLIX | ||
| 650 |
_aPolitcal Science _945981 |
||
| 650 |
_aParliament _945982 |
||
| 700 |
_aLOK SABHA _945983 |
||
| 942 |
_2ddc _cGF |
||
| 999 |
_c223521 _d223521 |
||